Technické kreslení Sbírka úloh pro SPŠ strojnické

Bibliographic Details
Main Authors: Leinveber, Jan (Author), Tarbajovský, Ján, 1942- (Author), Tůma, Rudolf (Author)
Format: Book
Language:Czech
PhysicalDescription:53 s. 4°
Published: Praha Státní nakladatelství technické literatury 1986
Edition:4. opr. vyd.
Subjects:

MARC

LEADER 00000nam a2200000 a 4500
001 vtls008727068
003 SK-MaSNL
005 20260301080119.0
008 240314s1986 xo d 000 0 cze
015 |a SNBA1986 
035 |a POKPOH22238 
040 |a SNK  |b slo  |c SNK  |e AACR2 
041 0 |a cze 
044 |a xo  |c SK 
080 |a 744(075.3)(076.5)  |2 1981 
100 1 |a Leinveber, Jan  |4 aut  |9 42134 
245 1 0 |a Technické kreslení  |b Sbírka úloh pro SPŠ strojnické  |c Jan Leinveber, Ján Tarbajovský, Rudolf Tůma 
250 |a 4. opr. vyd. 
260 |a Praha  |b Státní nakladatelství technické literatury  |c 1986 
300 |a 53 s.  |c 4° 
650 0 7 |a strojníctvo  |2 SNKPH  |9 29325 
650 0 7 |a technické kreslenie  |2 SNKPH  |9 3080 
655 7 |a učebnice stredných škôl  |2 SNKPH  |9 69323 
700 1 |a Tarbajovský, Ján,  |d 1942-  |4 aut  |9 201316 
700 1 |a Tůma, Rudolf  |4 aut  |9 320660 
958 |a OND 
958 |a TL 
958 |a CZ 
999 |c 652256  |d 654186 
952 |a SNK  |b SNK  |y PREZ  |7 0  |p 17A0836227  |o snkSB 40439  |i snkKIP 5167/86  |0 0  |1 0  |4 0  |d 2014-04-02  |f 1  |l 0  |r 2025-04-25 00:00:00  |w 2026-02-23 
952 |a SNK  |b SNK  |y VYP  |7 0  |o snkSB 40439 D1  |i snkKIP 5168/86  |0 0  |1 0  |4 0  |d 2014-04-02  |l 0  |r 2026-02-23 18:25:49  |w 2026-02-23